Famous Baldies - Statistics

General Stats
  • This quiz has been taken 41 times
  • The average score is 12 of 20
Answer Stats
Picture Answer % Correct
Dwayne Johnson
92%
Mohandas Gandhi
92%
Mike Tyson
90%
Jeff Bezos
82%
William Shakespeare
79%
Mikhail Gorbachev
77%
Samuel L. Jackson
77%
Vin Diesel
77%
Bruce Willis
72%
Pitbull
64%
Dalai Lama
56%
Terry Crews
56%
Patrick Stewart
54%
Vladimir Lenin
49%
Winston Churchill
44%
Ed Harris
36%
LL Cool J
28%
Verne Troyer
28%
Rupert Murdoch
21%
Hideki Tojo
8%
No matching quizzes found
Score Distribution
Percent of People with Each Score
Percentile by Number Answered
Your Score History
You have not taken this quiz